00553nam a2200169Ia 4500020001500000040000800015082002600023100001800049245008400067260007400151300003400225490002300259650002900282650002500311700002500336700002200361 a9251025096 cDJB a333 FOO 1986 A079 Or.1 aSlade, Roger,10aMonitoring and evaluation of social forestry in India :ban operational guide / aRome:bFood and Agriculture Organization of the United Nations,c1986 axiii, 218 p. :bill. ;c29 cm1 aFAO forestry paper 0aSocial forestry programs 0aForests and forestry10aCampbell, J. Gabriel10aNoronha, Raymond,